Classement Ballon d'or ALL TIME - Statistiques

Statistiques générales
  • Ce quiz a été pris 376 fois
  • Le résultat moyen est 11 sur 17
Statistiques - réponses
Classement Nationalité Nombre de points Réponse % Correct
2 123 Cristiano RONALDO
100%
1 129 Lionel MESSI
100%
- 37 RONALDO
99%
- 48 Zinédine ZIDANE
93%
4 67 Michel PLATINI
86%
7 50 Gerd MÜLLER
73%
5 60 Johan CRUYFF
70%
6 54 EUSÉBIO
69%
3 84 Franz BECKENBAUER
64%
12 42 Andriy SHEVCHENKO
61%
15 37 Marco VAN BASTEN
56%
10 45 Thierry HENRY
55%
- 37 XAVI
45%
14 41 Alfredo DI STÉFANO
43%
13 42 Bobby CHARLTON
31%
8 48 Karl-Heinz RUMMENIGGE
20%
11 43 Luis SUÁREZ
19%
Aucun quiz correspondant
Distribution des résultats
% des personnes avec chaque résultat
Percentile par nombre de réponses
Votre historique - résultats
Vous n’avez pas pris ce quiz